| 000 | 00399 a2200157 4500 | ||
|---|---|---|---|
| 999 |
_c4824 _d4824 |
||
| 020 | _a0908311184 | ||
| 050 | 0 | 0 | _aPR9898 CHI 1991 |
| 100 | 1 |
_aChinodya, Shimmer. _eauthor |
|
| 245 | 1 | 0 |
_aHarvest of thorns / _cShimmer Chinodya. |
| 264 |
_aHarare : _bBaobab Books, _c1991 |
||
| 300 |
_a277 p. : _bill. ; |
||
| 500 | _anovel | ||
| 650 | _aFiction | ||
| 651 | _aZimbabwe | ||
| 942 |
_2lcc _cBK _h9898 _iCHI _kPR |
||